00567nam a22001457a 4500003000400000005001700004008004100021040001100062041001200073100005100085245015200136260005300288650002300341856005700364OSt20260203160638.0260203b |||||||| |||| 00| 0 eng d cMRSPTU aEnglish aManpreet Singh, Supervisor: Dr. Manjeet Bansal a An Experimental Investigation for Strength Properties of High Strength Concrete by Partial Replacement of Cement with Micro Silica and Nano Silica bDepartment of Civil Engg. MRSPTU, Bathindac2018 aCivil Engineering  uhttp://163.47.215.52:8080/jspui/handle/123456789/346